<?xml version="1.0" encoding="UTF-8"?>
<record
    xmlns:xsi="http://www.w3.org/2001/XMLSchema-instance"
    xsi:schemaLocation="http://www.loc.gov/MARC21/slim http://www.loc.gov/standards/marcxml/schema/MARC21slim.xsd"
    xmlns="http://www.loc.gov/MARC21/slim">

  <leader>02600nam a2200325 i 4500</leader>
  <controlfield tag="001">000017608</controlfield>
  <controlfield tag="003">DO-SdBNP</controlfield>
  <controlfield tag="005">20260417182716.0</controlfield>
  <controlfield tag="007">ta</controlfield>
  <controlfield tag="008">100329s1977    dr            001 e spa d</controlfield>
  <datafield tag="040" ind1=" " ind2=" ">
    <subfield code="a">DO-SdBNP</subfield>
    <subfield code="b">spa</subfield>
    <subfield code="c">BNPHU</subfield>
    <subfield code="e">rda</subfield>
  </datafield>
  <datafield tag="041" ind1=" " ind2=" ">
    <subfield code="a">spa</subfield>
  </datafield>
  <datafield tag="082" ind1=" " ind2="4">
    <subfield code="a">H864.08</subfield>
    <subfield code="b">T355p</subfield>
    <subfield code="2">22</subfield>
  </datafield>
  <datafield tag="245" ind1="0" ind2="0">
    <subfield code="a">Textos de pensadores hispanoamericanos :</subfield>
    <subfield code="b">antolog&#xED;a /</subfield>
    <subfield code="c">introducci&#xF3;n, notas y selecci&#xF3;n de Apolinar N&#xFA;&#xF1;ez.</subfield>
  </datafield>
  <datafield tag="264" ind1=" " ind2=" ">
    <subfield code="a">Santo Domingo, Rep&#xFA;blica Dominicana :</subfield>
    <subfield code="b">Editora Taller,</subfield>
    <subfield code="c">1977.</subfield>
  </datafield>
  <datafield tag="300" ind1=" " ind2=" ">
    <subfield code="a">185 p&#xE1;ginas ;</subfield>
    <subfield code="c">20 cm.</subfield>
  </datafield>
  <datafield tag="336" ind1=" " ind2=" ">
    <subfield code="a">texto</subfield>
    <subfield code="b">txt</subfield>
    <subfield code="2">rdacontent</subfield>
  </datafield>
  <datafield tag="337" ind1=" " ind2=" ">
    <subfield code="a">sin mediaci&#xF3;n</subfield>
    <subfield code="b">n</subfield>
    <subfield code="2">rdamedia</subfield>
  </datafield>
  <datafield tag="338" ind1=" " ind2=" ">
    <subfield code="a">volumen</subfield>
    <subfield code="b">nc</subfield>
    <subfield code="2">rdacarrier</subfield>
  </datafield>
  <datafield tag="490" ind1="0" ind2=" ">
    <subfield code="a">Biblioteca taller</subfield>
    <subfield code="v">74</subfield>
  </datafield>
  <datafield tag="505" ind1="0" ind2=" ">
    <subfield code="g">Introducci&#xF3;n /</subfield>
    <subfield code="r">Apolinar N&#xFA;&#xF1;ez --</subfield>
    <subfield code="t">Declaratoria de la independencia dominicana /</subfield>
    <subfield code="r">Jos&#xE9; N&#xFA;&#xF1;ez de C&#xE1;ceres (1772-1846) --</subfield>
    <subfield code="t">Nuestro ideal: la creaci&#xF3;n de la cultura americana /</subfield>
    <subfield code="r">Andr&#xE9;s Bello (1781-1865) --</subfield>
    <subfield code="t">El sistema colonial /</subfield>
    <subfield code="r">Faustino Domingo Sarmiento (1811-1888) --</subfield>
    <subfield code="t">La moral y las profesiones /</subfield>
    <subfield code="r">Eugenio Mar&#xED;a de Hostos (1839-1903) --</subfield>
    <subfield code="t">Notas acerca del idioma /</subfield>
    <subfield code="r">Manuel Gonz&#xE1;lez Prada (1848-1918) --</subfield>
    <subfield code="t">El hombre rutinario /</subfield>
    <subfield code="r">Jos&#xE9; Ingenieros (1877-1925) --</subfield>
    <subfield code="t">La tradici&#xF3;n de los pueblos hispanoamericanos /</subfield>
    <subfield code="r">Jos&#xE9; Enrique Rod&#xF3; (1872-1917) --</subfield>
    <subfield code="t">Mi raza ; Tres h&#xE9;roes ; Nuestra Am&#xE9;rica /</subfield>
    <subfield code="r">Jos&#xE9; Mart&#xED; (1853-1895) --</subfield>
    <subfield code="t">Sufrimientos actuales del pueblo dominicano ; Infructuosidad de nuestro militarismo /</subfield>
    <subfield code="r">Jos&#xE9; Ram&#xF3;n L&#xF3;pez (1866-1922) --</subfield>
    <subfield code="t">El pensamiento iberoamericano /</subfield>
    <subfield code="r">Jos&#xE9; Vasconcelos (1881-1959) --</subfield>
    <subfield code="t">Patria de la justicia ; El descontento y la promesa /</subfield>
    <subfield code="r">Pedro Henr&#xED;quez Ure&#xF1;a (1884-1946) --</subfield>
    <subfield code="t">Notas sobre la inteligencia americana /</subfield>
    <subfield code="r">Alfonso Reyes (1889-1959) --</subfield>
    <subfield code="t">Comunicaci&#xF3;n y situaci&#xF3;n /</subfield>
    <subfield code="r">Francisco Romero (1891-1962) /</subfield>
    <subfield code="t">La reforma universitaria ; El artista y la &#xE9;poca /</subfield>
    <subfield code="r">Jos&#xE9; Carlos Mari&#xE1;tegui (1895-1930) --</subfield>
    <subfield code="t">La pedanter&#xED;a /</subfield>
    <subfield code="r">Samuel Ramos (1897-1959) --</subfield>
    <subfield code="t">Para un arte de escribir /</subfield>
    <subfield code="r">Jorge Ma&#xF1;ach (1898-1962) --</subfield>
    <subfield code="t">Qu&#xE9; es el pentagonismo /</subfield>
    <subfield code="r">Juan Bosch (1909-2001) --</subfield>
    <subfield code="t">Lengua hablada y lengua escrita /</subfield>
    <subfield code="r">Adolfo Jim&#xE9;nez Hern&#xE1;ndez (1910-) --</subfield>
    <subfield code="t">La libertad del arte y la revoluci&#xF3;n /</subfield>
    <subfield code="r">Fidel Castro (1927-).</subfield>
  </datafield>
  <datafield tag="590" ind1=" " ind2=" ">
    <subfield code="a">Inventariado, 2023 / DG</subfield>
  </datafield>
  <datafield tag="650" ind1=" " ind2="4">
    <subfield code="a">Ensayos hispanoamericanos</subfield>
    <subfield code="x">Colecciones</subfield>
    <subfield code="9">31131</subfield>
  </datafield>
  <datafield tag="650" ind1=" " ind2="4">
    <subfield code="a">Autores hispanoamericanos</subfield>
    <subfield code="x">Ensayos, conferencias, etc.</subfield>
    <subfield code="9">31868</subfield>
  </datafield>
  <datafield tag="650" ind1=" " ind2="4">
    <subfield code="a">Intelectuales</subfield>
    <subfield code="z">Am&#xE9;rica Latina</subfield>
    <subfield code="x">Ensayos, conferencias, etc.</subfield>
    <subfield code="9">31869</subfield>
  </datafield>
  <datafield tag="650" ind1=" " ind2="0">
    <subfield code="a">Literatura hispanoamericana</subfield>
    <subfield code="9">318</subfield>
  </datafield>
  <datafield tag="700" ind1="1" ind2=" ">
    <subfield code="a">N&#xFA;&#xF1;ez, Apolinar</subfield>
    <subfield code="e">compilador</subfield>
    <subfield code="4">comp.</subfield>
    <subfield code="9">14150</subfield>
  </datafield>
  <datafield tag="910" ind1=" " ind2=" ">
    <subfield code="a">Validado. Control de calidad EMS</subfield>
  </datafield>
  <datafield tag="942" ind1=" " ind2=" ">
    <subfield code="2">ddc</subfield>
    <subfield code="c">LBS1</subfield>
  </datafield>
  <datafield tag="952" ind1=" " ind2=" ">
    <subfield code="0">0</subfield>
    <subfield code="1">0</subfield>
    <subfield code="2">ddc</subfield>
    <subfield code="5">1</subfield>
    <subfield code="7">0</subfield>
    <subfield code="8">PD</subfield>
    <subfield code="a">BNPHU</subfield>
    <subfield code="b">BNPHU</subfield>
    <subfield code="c">HD</subfield>
    <subfield code="d">2010-03-29</subfield>
    <subfield code="e">Donaci&#xF3;n</subfield>
    <subfield code="l">0</subfield>
    <subfield code="o">BNPHU PD H864.08 T355p</subfield>
    <subfield code="p">17608-10</subfield>
    <subfield code="r">2020-06-25</subfield>
    <subfield code="w">2020-06-25</subfield>
    <subfield code="y">LBS1</subfield>
    <subfield code="Z">No se presta</subfield>
  </datafield>
  <datafield tag="952" ind1=" " ind2=" ">
    <subfield code="0">0</subfield>
    <subfield code="1">0</subfield>
    <subfield code="2">ddc</subfield>
    <subfield code="5">1</subfield>
    <subfield code="7">0</subfield>
    <subfield code="8">PD</subfield>
    <subfield code="a">BNPHU</subfield>
    <subfield code="b">BNPHU</subfield>
    <subfield code="c">HD</subfield>
    <subfield code="d">2023-12-11</subfield>
    <subfield code="e">Donaci&#xF3;n</subfield>
    <subfield code="l">0</subfield>
    <subfield code="o">BNPHU PD H864.08 T355p</subfield>
    <subfield code="p">2023-8328</subfield>
    <subfield code="r">2023-12-11</subfield>
    <subfield code="t">e.2</subfield>
    <subfield code="w">2023-12-11</subfield>
    <subfield code="y">LBS1</subfield>
  </datafield>
  <datafield tag="999" ind1=" " ind2=" ">
    <subfield code="c">17133</subfield>
    <subfield code="d">17133</subfield>
  </datafield>
</record>
